200 mots aléatoire Harry Potter 3 #2 - Statistiques

Statistiques générales
  • Ce quiz a été pris 55 fois
  • Le résultat moyen est 98 sur 200
Statistiques - réponses
Réponses % Correct
Harry,
100%
Harry
100%
d'
98%
l'
98%
L'
98%
s'
96%
à
93%
A
93%
il.
93%
il
93%
Il
93%
la
93%
De
91%
de
91%
et
91%
Et
91%
t-
91%
c'
89%
C'
89%
le
89%
Le
89%
n'
80%
que
80%
se
78%
des
76%
On
76%
sa
76%
du
73%
Ils
73%
les
73%
qui
73%
un
73%
mais
71%
Mais
71%
pas
71%
ce
69%
Ce
69%
était.
69%
était
69%
69%
une
69%
au
67%
Ses
64%
ses
64%
par
62%
pour
60%
dit
58%
en
56%
baguette
53%
lui.
51%
sur
51%
ne
49%
plus
49%
aurait
44%
dans
42%
yeux
42%
grands
40%
non
40%
animal
38%
cerf
36%
main
36%
voir
36%
lune.
33%
Patronus
33%
alors
31%
alors.
31%
Détraqueurs
31%
étaient
31%
lac.
31%
lumière
31%
PATRONUM!
31%
vit
31%
hurla-
29%
celle-
27%
ci
27%
moment
27%
tout
27%
vers
24%
argent.
22%
fixa
22%
rive.
22%
sol.
22%
—SPERO
22%
tête
22%
Puis,
20%
comprit
18%
essayer
18%
fit
18%
jaillit
18%
plissa
18%
tendit
18%
tremblante
18%
argenté
16%
arrêta
16%
aucune
16%
baisser
16%
cheval
16%
cheval.
16%
créature,
16%
nuage
16%
aveuglante.
13%
galopait
13%
partis.
13%
sabots
13%
sombre
13%
volatilisa.
13%
devant
11%
face.
11%
licorne
11%
surface
11%
tendue
11%
trace
11%
volte-
11%
charger
9%
laissaient
9%
noires
9%
obscurité.
9%
resta
9%
terre
9%
toujours
9%
—Cornedrue,
7%
Ébloui,
7%
immobile
7%
immobile,
7%
murmura-
7%
présent,
7%
disparaissaient
4%
formes
4%
galopant
4%
inclina
4%
lentement,
4%
reculaient,
4%
resplendissait
4%
revenait
4%
allongées
2%
autour
2%
désordre,
2%
dispersaient
2%
étincelait
2%
grouillaient
2%
informe,
2%
ramure.
2%
silencieusement
2%
Aucun quiz correspondant
Distribution des résultats
% des personnes avec chaque résultat
Percentile par nombre de réponses
Votre historique - résultats
Vous n’avez pas pris ce quiz